|
|
|
|
| LEADER |
01741nam a22003977a 4500 |
| 001 |
mzk03001026484 |
| 003 |
CZ BrMZK |
| 005 |
20181123183133.0 |
| 007 |
ta |
| 008 |
050802s1569 gw fr|||||00| ||latod |
| 040 |
|
|
|a BOA001
|b cze
|c BOA001
|
| 072 |
|
7 |
|a 094
|x Staré tisky
|2 Konspekt
|9 12
|
| 080 |
|
|
|a (0.068)094
|2 MRF
|
| 100 |
1 |
|
|a Manuzio, Paolo,
|d 1512-1574
|7 ola2003167540
|4 aut
|
| 245 |
1 |
0 |
|a Epistolarvm Pavli Manvtii libri VIII, Tribvs nvper additis :
|b Eivsdem qvae Praefationes appellantur: cum noua quoque accessione
|
| 260 |
|
|
|a Coloniae Agripp. :
|b Gualtherus Fabricius & Ioannes Gymnicus,
|c 1569
|
| 300 |
|
|
|a [13], 478, 140, [9] s. ;
|c 8°
|
| 500 |
|
|
|a Výzdoba: Signety (Discite iusticiam moniti), iniciály
|
| 500 |
|
|
|a Bayerische Staatsbibliothek uvádí VD16 M 827 i VD16 M 840
|
| 510 |
4 |
|
|a VD16,
|c M 827
|u http://gateway-bayern.de/VD16+M+827
|
| 561 |
|
|
|a Provenience: Ego ifra [!] scriptus Mathias Kuczazkj testor hunc librum ad Congr. Brun. B. V. M. Assum. spectasse
|
| 561 |
|
|
|a Provenience: Liber Congr. M. V. M. Ass. cathalogo inscriptus 1635, 1641
|
| 561 |
|
|
|a Provenience: Sum Davidis Caroli Rosa. [nebo Rosn.] Prag.
|
| 561 |
|
|
|a Provenience: Sum Valentini Kegelii Pacimontani Wetteravii Anno [15]95 calend. Aprilis
|
| 563 |
|
|
|a Vazba původní, pergamenová obálka
|
| 655 |
|
7 |
|a staré tisky
|7 fd422076
|2 czenas
|
| 903 |
|
|
|a RP
|
| 910 |
|
|
|a BOA001
|b G-0000.154
|
| 978 |
|
|
|b Fabritius, Walther
|a Köln a.R.
|c 1569
|
| 978 |
|
|
|b Gymnich, Johann III.
|a Köln a.R.
|c 1569
|
| 984 |
|
|
|a Kolín nad Rýnem
|b Německo
|
| 985 |
|
|
|a 1551-1600
|
| 990 |
|
|
|a BK
|
| 993 |
|
|
|a Y
|
| 991 |
|
|
|k mzk
|
| 996 |
6 |
|
|b 2610420541
|c G-0000.154
|l stud. ST
|r Sklad / do násl. otevíracího dne
|n 0
|w 001026484
|u 000010
|a 1
|e BOA001
|s P
|